00754nam a22001457a 450000100060000000300060000600500170001200800410002904000290007008200100009910000170010924500450012630000610017152003760023210106FISKH20260408161403.0260408b cb ||||| |||| 00| 0 eng d aFISKHbchicFISKHdFISKH a895.1 a宫西达也 a小龙查理和公主 /cBy 宫西达也 a46 unnumbered pages : bcolor illustrations ; c38 cm .  a《小龙查理和公主》讲述了小龙查理与一位公主之间发生的温馨故事。查理虽然是一只小龙,但内心善良、勇敢。在与公主的相处中,他学会了关心他人、理解友情的重要性,也逐渐变得更加自信。 故事通过简单有趣的情节,传递了善良、勇气与友谊的主题,非常适合儿童阅读。